[Event "Santiago de Compostela Bicapawn GP B4"]
[Site "Santiago de Compostela"]
[Date "2022.10.21"]
[Round "4"]
[White "Segura Santos, Luis"]
[Black "Petkov, Vladimir"]
[Result "0-1"]
[WhiteElo "2122"]
[BlackElo "2438"]
[PlyCount "79"]
[EventDate "2022.10.21"]
[EventType "swiss (blitz)"]
[EventRounds "9"]
[EventCountry "ESP"]
[SourceTitle "CBM 210 Extra"]
[Source "ChessBase"]
[SourceDate "2022.11.30"]
[SourceVersion "1"]
[SourceVersionDate "2022.11.30"]
[SourceQuality "1"]

1. e4 c5 2. Ne2 d6 3. g3 g6 4. Bg2 Bg7 5. c3 e5 6. d4 exd4 7. cxd4 Nc6 8. Be3 Qa5+ 9. Nbc3 Nf6 10. h3 0-0 11. 0-0 Re8 12. Qd2 b6 13. e5 cxd4 14. exf6 dxe3 15. Qxd6 Re6 16. Qd5 Bxf6 17. Qxa5 bxa5 18. Nf4 Rd6 19. Nb5 Rd2 20. Bxc6 Rb8 21. Rfd1 exf2+ 22. Kh1 Rxb2 23. Nd5 Be5 24. Ne7+ Kg7 25. Rd8 Bxh3 26. Rxb8 Bxb8 27. Bg2 Be6 28. Nd4 Bxg3 29. Nxe6+ fxe6 30. Nc6 a4 31. Na5 Re2 32. Rf1 Rxa2 33. Nc4 h5 34. Bf3 Kf6 35. Kg2 h4 36. Rd1 g5 37. Ne3 f1Q+ 38. Kxf1 Rf2+ 39. Kg1 Rxf3 40. Ng4+ 0-1

[Event "ESP-chT CECLUB Div1"]
[Site "Linares"]
[Date "2020.10.07"]
[Round "5.5"]
[White "Segura Santos, Luis"]
[Black "Hernandez Estevez, Yudania"]
[Result "1-0"]
[WhiteElo "2118"]
[BlackElo "2197"]
[PlyCount "59"]
[EventDate "2020.10.03"]
[EventType "team-tourn"]
[EventRounds "7"]
[EventCountry "ESP"]
[SourceTitle "CBM 198 Extra"]
[Source "ChessBase"]
[SourceDate "2020.11.30"]
[SourceVersion "1"]
[SourceVersionDate "2020.11.30"]
[SourceQuality "1"]
[WhiteTeam "Sanxenxo Fontecarmoa"]
[BlackTeam "Ourense Deportivo"]
[WhiteTeamCountry "ESP"]
[BlackTeamCountry "ESP"]

1. e4 d6 2. d4 Nf6 3. Nc3 g6 4. Be3 c6 5. Qd2 Nbd7 6. Nf3 e5 7. 0-0-0 Qc7 8. Bh6 Be7 9. Bd3 Nf8 10. Rhe1 Bg4 11. dxe5 dxe5 12. Bc4 Ne6 13. Bxe6 fxe6 14. Qe3 Nd7 15. Kb1 Rg8 16. Rxd7 Kxd7 17. Ng5 Bf8 18. Nxh7 Be7 19. Bg5 Rh8 20. Nf6+ Bxf6 21. Bxf6 Rhf8 22. Qg5 Bh5 23. f3 Rf7 24. Rd1+ Ke8 25. g4 Rd7 26. Rg1 Rh7 27. gxh5 Kf8 28. hxg6 Rh3 29. Bxe5 Qb6 30. Qf6+ 1-0

[Event "Sanxenxo Carlos op 5th"]
[Site "Sanxenxo"]
[Date "2013.06.26"]
[Round "5"]
[White "Pazos Porta, Antonio"]
[Black "Segura Santos, Luis"]
[Result "1-0"]
[WhiteElo "2334"]
[BlackElo "2010"]
[PlyCount "67"]
[EventDate "2013.06.22"]
[EventType "swiss"]
[EventRounds "9"]
[EventCountry "ESP"]
[SourceTitle "CBM 155 Extra"]
[Source "ChessBase"]
[SourceDate "2013.08.26"]
[SourceVersion "1"]
[SourceVersionDate "2013.08.26"]
[SourceQuality "1"]

1. d4 Nf6 2. Nc3 d5 3. Bg5 Bf5 4. f3 c5 5. e4 dxe4 6. Bxf6 exf6 7. fxe4 cxd4 8. exf5 dxc3 9. Qxd8+ Kxd8 10. 0-0-0+ Kc7 11. Bc4 Nd7 12. Bxf7 Nc5 13. Nf3 cxb2+ 14. Kxb2 Bd6 15. Rhe1 Rhd8 16. Nd4 Be5 17. c3 Kb6 18. Kc2 a6 19. Nf3 Bd6 20. Bd5 Rac8 21. Rd4 Ka7 22. Red1 b5 23. Be6 Rc6 24. Bd5 Rb6 25. Rg4 Bf8 26. Bg8 Re8 27. Nd4 Rd6 28. Bxh7 Re3 29. Rg3 Rxg3 30. hxg3 Ne4 31. Re1 Ng5 32. Bg8 Rd7 33. Ne6 Nxe6 34. fxe6 1-0

[Event "Sanxenxo Carlos op 5th"]
[Site "Sanxenxo"]
[Date "2013.06.25"]
[Round "4"]
[White "Segura Santos, Luis"]
[Black "Khamrakulov, Ibragim S"]
[Result "1/2-1/2"]
[WhiteElo "2010"]
[BlackElo "2484"]
[PlyCount "84"]
[EventDate "2013.06.22"]
[EventType "swiss"]
[EventRounds "9"]
[EventCountry "ESP"]
[SourceTitle "CBM 155 Extra"]
[Source "ChessBase"]
[SourceDate "2013.08.26"]
[SourceVersion "1"]
[SourceVersionDate "2013.08.26"]
[SourceQuality "1"]

1. e4 c5 2. Nf3 e6 3. d4 cxd4 4. Nxd4 a6 5. Nc3 Qc7 6. Bd3 b5 7. 0-0 Bb7 8. Qe2 Nf6 9. Kh1 Nc6 10. Nb3 Be7 11. f4 d6 12. Bd2 0-0 13. Rae1 Nb4 14. Nxb5 axb5 15. Bxb4 Rxa2 16. c3 e5 17. Qc2 Bc6 18. Ba3 Ra8 19. Qb1 R2xa3 20. bxa3 Rxa3 21. fxe5 dxe5 22. Rf2 Qa7 23. Rb2 h6 24. Nc1 Ng4 25. Qc2 Ne3 26. Qe2 Bc5 27. Ra2 Kh8 28. Rxa3 Qxa3 29. Na2 f5 30. Nb4 Bxb4 31. cxb4 f4 32. Qd2 Qa8 33. Rc1 Bxe4 34. Bxe4 Qxe4 35. Rc3 Qb1+ 36. Rc1 Qe4 37. Qa2 f3 38. Rc8+ Kh7 39. Qg8+ Kg6 40. Qe6+ Kg5 41. Qe7+ Kg6 42. Qe6+ Kh7 1/2-1/2

[Event "ESP-chT U16"]
[Site "Benidorm"]
[Date "2012.12.08"]
[Round "4"]
[White "Alonso Vara, Maria"]
[Black "Segura Santos, Luis"]
[Result "1-0"]
[WhiteElo "1836"]
[BlackElo "1955"]
[PlyCount "105"]
[EventDate "2012.12.06"]
[EventType "team-swiss"]
[EventRounds "6"]
[EventCountry "ESP"]
[SourceTitle "EXT 2022"]
[Source "ChessBase"]
[SourceDate "2021.10.06"]
[SourceVersion "1"]
[SourceVersionDate "2021.10.06"]
[SourceQuality "1"]
[WhiteTeam "Bargas"]
[BlackTeam "Sanxenxo Fontecarmoa"]
[WhiteTeamCountry "ESP"]
[BlackTeamCountry "ESP"]

1. e4 c5 2. Nf3 d6 3. d4 Nf6 4. Nc3 cxd4 5. Nxd4 a6 6. Be2 e5 7. Nb3 Be7 8. Be3 0-0 9. f3 Be6 10. Qd2 Nbd7 11. g4 b5 12. g5 Nh5 13. Rg1 Nb6 14. 0-0-0 b4 15. Nd5 Nxd5 16. exd5 Bf5 17. Bd3 Bg6 18. Qxb4 Qd7 19. Qg4 Qc7 20. Qc4 Qd7 21. Na5 Rab8 22. Nc6 Rb7 23. Qxa6 Bd8 24. Rd2 f5 25. Bb5 Qf7 26. Nxd8 Rxd8 27. Bc6 Re7 28. a4 f4 29. Bb6 Rf8 30. Qe2 e4 31. a5 exf3 32. Qf2 Re2 33. Rxe2 fxe2 34. Qxe2 f3 35. Qe6 Nf4 36. Qxf7+ Bxf7 37. Rf1 Bxd5 38. Bxd5+ Nxd5 39. Kd2 Rf5 40. Bd8 Rf8 41. c4 Rxd8 42. cxd5 Rb8 43. Kc3 Rc8+ 44. Kd4 Rb8 45. Rxf3 Rxb2 46. Ra3 Rb4+ 47. Kc3 Rb8 48. a6 Kf7 49. a7 Ra8 50. Kb4 Ke7 51. Kb5 Kd7 52. Kb6 Kc8 53. Rc3+ 1-0

[Event "ESP-chT U16"]
[Site "Benidorm"]
[Date "2012.12.06"]
[Round "2"]
[White "Vazquez Gomez, David"]
[Black "Segura Santos, Luis"]
[Result "0-1"]
[WhiteElo "1704"]
[BlackElo "1955"]
[PlyCount "42"]
[EventDate "2012.12.06"]
[EventType "team-swiss"]
[EventRounds "6"]
[EventCountry "ESP"]
[SourceTitle "EXT 2022"]
[Source "ChessBase"]
[SourceDate "2021.10.06"]
[SourceVersion "1"]
[SourceVersionDate "2021.10.06"]
[SourceQuality "1"]
[WhiteTeam "Ourense"]
[BlackTeam "Sanxenxo Fontecarmoa"]
[WhiteTeamCountry "ESP"]
[BlackTeamCountry "ESP"]

1. e4 c5 2. Nf3 e6 3. d3 d5 4. e5 Ne7 5. h4 Nec6 6. g3 Nd7 7. Qe2 Qc7 8. Bf4 Be7 9. Bg2 b6 10. 0-0 Bb7 11. Re1 h6 12. c3 0-0-0 13. a3 Rdg8 14. b4 g5 15. hxg5 hxg5 16. Bd2 g4 17. Nh2 Qxe5 18. Bf4 Qh5 19. Nf1 e5 20. Bd2 e4 21. dxe4 Nce5 0-1

[Event "ESP-chT U16 4th"]
[Site "Benidorm"]
[Date "2011.12.09"]
[Round "4.1"]
[White "Segura Santos, Luis"]
[Black "Meneses Gonzalez, Kevin Moises"]
[Result "0-1"]
[WhiteElo "1955"]
[BlackElo "2247"]
[PlyCount "138"]
[EventDate "2011.12.07"]
[EventType "team"]
[EventRounds "6"]
[EventCountry "ESP"]
[SourceTitle "EXT 2015"]
[Source "ChessBase"]
[SourceDate "2014.11.20"]
[SourceVersion "1"]
[SourceVersionDate "2014.11.20"]
[SourceQuality "1"]
[WhiteTeam "Sanxenxo Fontecarmoa U16"]
[BlackTeam "Cajacanarias (U16)"]
[WhiteTeamCountry "ESP"]
[BlackTeamCountry "ESP"]

1. e4 c5 2. d3 Nc6 3. g3 d5 4. exd5 Qxd5 5. Nf3 Nd4 6. Bg2 Bh3 7. Bxh3 Nxf3+ 8. Kf1 Nd4 9. Bg2 Qd7 10. Be3 Nf6 11. Nd2 e6 12. Nb3 Rc8 13. h3 Be7 14. Kg1 h5 15. Bg5 Nd5 16. Bxe7 Nxe7 17. h4 b6 18. Nd2 Nd5 19. Ne4 Nf6 20. Nxf6+ gxf6 21. Kh2 f5 22. c3 Nc6 23. Qe2 Qd6 24. Bxc6+ Rxc6 25. d4 f4 26. Rad1 fxg3+ 27. fxg3 Rg8 28. Rhg1 Rg4 29. d5 Rc7 30. dxe6 Rxh4+ 31. Kg2 Qc6+ 32. Kf1 Re4 33. Qxh5 Qb5+ 34. Kg2 Qe2+ 35. Qxe2 Rxe2+ 36. Kf3 Rxe6 37. Rge1 Ke7 38. Rxe6+ Kxe6 39. Kf4 Rc8 40. Re1+ Kf6 41. Rd1 Rh8 42. Rd2 Rh1 43. c4 Rf1+ 44. Ke3 Ke6 45. b3 f5 46. Rf2 Rd1 47. Rd2 Ra1 48. Kf4 Rf1+ 49. Ke3 a5 50. Rf2 Rd1 51. Rd2 Ra1 52. Kf3 a4 53. bxa4 Rc1 54. Rb2 Rxc4 55. Rxb6+ Ke5 56. Rb2 Rxa4 57. Rd2 Ra3+ 58. Kf2 c4 59. Rd8 Rxa2+ 60. Ke3 Ra3+ 61. Kf2 Ke4 62. Re8+ Kd4 63. Rd8+ Kc3 64. Kf3 Kb2+ 65. Kf4 c3 66. Rb8+ Rb3 67. Rc8 c2 68. Kxf5 Rxg3 69. Kf4 Rb3 0-1

[Event "Benidorm New Generation U16 06th"]
[Site "Benidorm"]
[Date "2010.12.07"]
[Round "6"]
[White "Segura Santos, Luis"]
[Black "Pozanco Romasanta, Marc"]
[Result "1-0"]
[WhiteElo "1830"]
[BlackElo "1935"]
[PlyCount "85"]
[EventDate "2010.12.04"]
[EventType "swiss"]
[EventRounds "7"]
[EventCountry "ESP"]
[SourceTitle "EXT 2024"]
[Source "ChessBase"]
[SourceDate "2023.10.10"]
[SourceVersion "1"]
[SourceVersionDate "2023.10.10"]
[SourceQuality "1"]

1. e4 e6 2. d4 c5 3. Nf3 cxd4 4. Nxd4 Bc5 5. Nb3 Bb6 6. Bd3 Nc6 7. Nc3 Nge7 8. 0-0 0-0 9. Na4 Bc7 10. f4 f5 11. e5 b6 12. Nc3 d6 13. exd6 Bxd6 14. Bc4 Rf6 15. Nb5 Bb8 16. Qe2 a6 17. Rd1 Nd5 18. Nc3 Nce7 19. Be3 Bb7 20. Nxd5 Nxd5 21. Bxd5 exd5 22. Bd4 Rg6 23. Qf2 Bc7 24. a4 a5 25. Nc1 Qf8 26. Nd3 Re8 27. Be5 Bxe5 28. Nxe5 Rge6 29. Ra3 Qc5 30. Rc3 Qxf2+ 31. Kxf2 g5 32. g3 Rh6 33. Rc7 Ba8 34. Kg2 gxf4 35. gxf4 Rh4 36. Rd3 Rg4+ 37. Nxg4 fxg4 38. Kf2 Rd8 39. Rdc3 Rf8 40. Rc8 Bb7 41. Rxf8+ Kxf8 42. Rc7 Ba6 43. Ra7 1-0

[Event "ESP-ch U14"]
[Site "Linares"]
[Date "2010.07.17"]
[Round "8"]
[White "Segura Santos, Luis"]
[Black "Gutierrez Valero, Mario"]
[Result "0-1"]
[WhiteElo "1788"]
[BlackElo "2071"]
[PlyCount "74"]
[EventDate "2010.07.13"]
[EventType "swiss"]
[EventRounds "9"]
[EventCountry "ESP"]
[SourceTitle "CBM 137 Extra"]
[Source "ChessBase"]
[SourceDate "2010.09.01"]
[SourceVersion "1"]
[SourceVersionDate "2010.09.01"]
[SourceQuality "1"]

1. e4 c5 2. Nf3 Nc6 3. Bb5 e6 4. 0-0 Nge7 5. c3 a6 6. Ba4 b5 7. Bc2 d5 8. e5 d4 9. Qe2 Bb7 10. a4 b4 11. c4 Ng6 12. Bxg6 hxg6 13. d3 Be7 14. Bf4 g5 15. Bg3 Qd7 16. Nbd2 0-0-0 17. Ne4 f6 18. Rfe1 Rde8 19. h3 Nd8 20. Qc2 Nf7 21. Kf1 f5 22. Ned2 Qc6 23. Rec1 Rh5 24. Ke2 Reh8 25. Nb3 Bd8 26. Rg1 Bc7 27. Rae1 f4 28. Bh2 g4 29. hxg4 Rxh2 30. Nxh2 Rxh2 31. Nd2 Ng5 32. Kd1 Rxg2 33. Rxg2 Qxg2 34. Ne4 Nxe4 35. dxe4 Bxe5 36. Qe2 f3 37. Qf1 Bxe4 0-1

[Event "Gallego-ch U14"]
[Site "Pontedeume A Coruna"]
[Date "2010.02.16"]
[Round "7.2"]
[White "Pardo Gomez, Jose Ramon"]
[Black "Segura Santos, Luis"]
[Result "0-1"]
[WhiteElo "1716"]
[BlackElo "1780"]
[PlyCount "52"]
[EventDate "2010.02.13"]
[EventType "swiss"]
[EventRounds "8"]
[EventCountry "ESP"]
[SourceTitle "EXT 2024"]
[Source "ChessBase"]
[SourceDate "2023.10.10"]
[SourceVersion "1"]
[SourceVersionDate "2023.10.10"]
[SourceQuality "1"]

1. e4 c5 2. b3 Nc6 3. Bb2 d6 4. Nc3 Nf6 5. Bb5 Bd7 6. Nge2 e6 7. 0-0 Be7 8. f4 0-0 9. Ng3 Nd4 10. Bxd7 Qxd7 11. Nce2 Nxe2+ 12. Qxe2 d5 13. e5 Ne8 14. d4 g6 15. Rac1 Ng7 16. Qf3 Rac8 17. Ne2 Nf5 18. g4 Nxd4 19. Nxd4 cxd4 20. Bxd4 Ba3 21. Rb1 Bc5 22. c3 Qc6 23. Rbc1 Bxd4+ 24. cxd4 Qxc1 25. Rxc1 Rxc1+ 26. Kg2 Rfc8 0-1

[Event "EU-ch U12 18th"]
[Site "Herceg Novi"]
[Date "2008.09.17"]
[Round "3"]
[White "Matsenko, Andrei"]
[Black "Segura Santos, Luis"]
[Result "1-0"]
[WhiteElo "1953"]
[BlackElo "1739"]
[PlyCount "81"]
[EventDate "2008.09.15"]
[EventType "swiss"]
[EventRounds "9"]
[EventCountry "MNE"]
[SourceTitle "CBM 126 Extra"]
[Source "ChessBase"]
[SourceDate "2008.11.05"]
[SourceVersion "1"]
[SourceVersionDate "2008.11.05"]
[SourceQuality "1"]

1. e4 d5 2. exd5 Qxd5 3. Nc3 Qa5 4. d4 Nf6 5. Nf3 Bg4 6. h3 Bh5 7. Be2 c6 8. 0-0 e6 9. Re1 Bd6 10. Ne5 Bxe5 11. Bxh5 Bd6 12. Bf3 0-0 13. Ne4 Nxe4 14. Bxe4 Nd7 15. Bd2 Qc7 16. c4 Nf6 17. Bc2 Bf4 18. Bc3 b5 19. cxb5 cxb5 20. Qd3 g6 21. Qxb5 Nd5 22. Qd3 Nxc3 23. bxc3 Rfc8 24. g3 Bh6 25. Bb3 Qxc3 26. Qe4 Bg7 27. Rad1 Rab8 28. d5 exd5 29. Qxd5 Qf6 30. Qd7 Ra8 31. Re7 Rd8 32. Qxd8+ Rxd8 33. Rxd8+ Bf8 34. Rxf7 Qxf7 35. Bxf7+ Kxf7 36. Rd7+ Be7 37. Rxa7 h6 38. Rxe7+ Kxe7 39. Kg2 Kd6 40. Kf3 Kd5 41. a4 1-0

[Event "ESP-ch U12"]
[Site "Padron"]
[Date "2008.07.09"]
[Round "6"]
[White "Segura Santos, Luis"]
[Black "Diaz Camallonga, Carles"]
[Result "1-0"]
[WhiteElo "1739"]
[BlackElo "1715"]
[PlyCount "111"]
[EventDate "2008.07.06"]
[EventType "swiss"]
[EventRounds "9"]
[EventCountry "ESP"]
[SourceTitle "EXT 2009"]
[Source "ChessBase"]
[SourceDate "2008.11.26"]
[SourceVersion "1"]
[SourceVersionDate "2008.11.26"]
[SourceQuality "1"]

1. e4 e6 2. d4 d5 3. exd5 exd5 4. Bd3 Nf6 5. Nf3 Be7 6. 0-0 0-0 7. Bf4 c5 8. dxc5 Bxc5 9. h3 Nc6 10. a3 Be6 11. Nbd2 Re8 12. Nb3 Bb6 13. Re1 Na5 14. Nxa5 Bxa5 15. c3 Bb6 16. Qd2 Bc7 17. Be3 Ne4 18. Qc2 Qd7 19. Ng5 Nxg5 20. Bxg5 h6 21. Be3 Qd6 22. f4 Bb6 23. Bxb6 Qxb6+ 24. Qf2 Qxf2+ 25. Kxf2 a6 26. Re3 Kf8 27. Rae1 Rad8 28. Re5 d4 29. c4 Rc8 30. c5 Rc6 31. b4 Rd8 32. h4 Bc8 33. g3 Re6 34. Rxe6 Bxe6 35. Be4 Rd7 36. Ke2 f5 37. Bd3 Re7 38. Kd2 g6 39. h5 Kf7 40. hxg6+ Kxg6 41. g4 Kf6 42. gxf5 Bd7 43. Rxe7 Kxe7 44. Ke2 Kf6 45. Kf3 Bxf5 46. Bxf5 Kxf5 47. a4 d3 48. b5 axb5 49. axb5 d2 50. Ke2 d1Q+ 51. Kxd1 Ke6 52. Ke2 Kd5 53. c6 bxc6 54. b6 Kd6 55. b7 Kc7 56. f5 1-0